000 00476nam a2200181Ia 4500
008 191127s9999 xx 000 0 und d
100 _aFagan, Abigail
245 _aPutting our heads together/
245 _cAbigail Fagan
260 _bSussex Publisher
260 _c2019
300 _aPages 20-21, January/February 2019
440 _aPsychology Today: Escaping Depression
_v51: 1
650 _aApes
650 _aBehavior
650 _aHuman
650 _aPsychology
999 _c362711
_d362711